000 00657nam a2200193Ia 4500
003 OSt
005 20250908165612.0
008 Pun
037 _cTB
040 _aARTS
_cARTS
_bPun
041 _2Pun
_aPun
084 _aO153,1N05:g P4
_qAL
100 _aਤਰਸੇਮ, ਔਸੱ, ਥਦ.
_9820408
245 0 _aਨਗ਼ਰੀਆ ਪ੍ਰੋ, ਮੋਹਨ ਸਿੰਘ ਸਮੀਖਿਆ ਤੇ ਸੰਵਾਦ
260 _aਮਲੇਰਕੋਟਲਾ
_b ਨਗ਼ਰੀਆ ਪ੍ਰਕਾFਨ
_c2004
300 _a216ਪੰ
_ccm.
942 _hO153,1N05:g P4
_cTB
_2CC
_n0
999 _c369594
_d369594